[Event "DVM U12 2014"]
[Site "Verden/Aller GER"]
[Date "2014.12.28"]
[Round "3"]
[White "Kittelberger, Mattis"]
[Black "Gkegkas, Michail"]
[Result "1-0"]
[Termination "normal"]
[Board "10.1"]
[WhiteElo "1564"]
[BlackElo "989"]
[WhiteTeam "SC Aurich"]
[BlackTeam "SC Heitersheim"]
[PlyCount "35"]
[WhiteFideId "12965103"]
[BlackFideId "16251067"]
[EventCountry "GER"]
[EventRounds "7"]
[EventType "team-swiss"]
[EventDate "2014.12.26"]

1. e4 e5 2. Nf3 Nc6 3. Bc4 Nf6 4. d4 exd4 5. e5 Ng4 6. O-O Be7 7. Re1 O-O 8. h3
Nh6 9. Bxh6 gxh6 10. Nxd4 Nxd4 11. Qxd4 b6 12. Qe4 c6 13. Bd3 f5 14. exf6 Rf7
15. fxe7 Qe8 16. Re3 Rg7 17. Rg3 Rxg3 18. Qxh7# 1-0

[Event "DVM U12 2014"]
[Site "Verden/Aller GER"]
[Date "2014.12.28"]
[Round "3"]
[White "Gkegkas, Viktor"]
[Black "Rajendram, Reanosh"]
[Result "1/2-1/2"]
[Termination "normal"]
[Board "10.2"]
[WhiteElo "1133"]
[BlackElo "1249"]
[WhiteTeam "SC Heitersheim"]
[BlackTeam "SC Aurich"]
[PlyCount "98"]
[WhiteFideId "16247396"]
[BlackFideId "12965162"]
[EventCountry "GER"]
[EventRounds "7"]
[EventType "team-swiss"]
[EventDate "2014.12.26"]

1. e4 c5 2. Nf3 Nc6 3. c3 Nf6 4. d3 e6 5. Bg5 Be7 6. Nbd2 O-O 7. Bxf6 Bxf6 8.
Be2 d5 9. exd5 exd5 10. O-O Qb6 11. Qc1 Re8 12. Bd1 Bf5 13. Bc2 Be6 14. Bb3
Rac8 15. Re1 d4 16. Bxe6 fxe6 17. Nc4 Qc7 18. cxd4 cxd4 19. Qd2 b5 20. Na3 a6
21. Rac1 Qd7 22. Nc2 e5 23. Nb4 Nxb4 24. Rxc8 Rxc8 25. Qxb4 Qc7 26. h3 h6 27.
Qb3+ Kh7 28. Qe6 Qc2 29. Qxa6 Rd8 30. Qxb5 Rd6 31. a4 Qc8 32. a5 Ra6 33. b4 Qa8
34. Qa4 Bd8 35. Ra1 e4 36. dxe4 Qxe4 37. b5 Rxa5 38. Qd1 Rxa1 39. Qxa1 Qd5 40.
Qxd4 Qa8 41. Qd3+ Kh8 42. Qb1 Bc7 43. Nd4 Qd5 44. Nf3 Qd6 45. Qb3 Qf6 46. Qb1
Kg8 47. Qb3+ Kh8 48. Qb1 Qd6 49. Qb3 Qf6 1/2-1/2

[Event "DVM U12 2014"]
[Site "Verden/Aller GER"]
[Date "2014.12.28"]
[Round "3"]
[White "Abele, Anais"]
[Black "Rommel, Tobias"]
[Result "0-1"]
[Termination "normal"]
[Board "10.3"]
[WhiteElo "1105"]
[BlackElo "989"]
[WhiteTeam "SC Aurich"]
[BlackTeam "SC Heitersheim"]
[PlyCount "68"]
[WhiteFideId "16208927"]
[EventCountry "GER"]
[EventRounds "7"]
[EventType "team-swiss"]
[EventDate "2014.12.26"]

1. e4 e5 2. Nf3 Nc6 3. Bc4 Bc5 4. d3 Nf6 5. c3 d6 6. Bb3 Bg4 7. O-O O-O 8. Re1
h6 9. Nbd2 b5 10. Nf1 Na5 11. Bc2 c6 12. Ng3 Qb6 13. Be3 Bxe3 14. Rxe3 d5 15.
exd5 cxd5 16. Rxe5 Nc6 17. Re1 d4 18. h3 Bxf3 19. Qxf3 dxc3 20. bxc3 b4 21.
cxb4 Nxb4 22. Bb3 Rfd8 23. Rad1 a5 24. Re7 a4 25. Bc4 Nc2 26. Rxf7 Kh8 27. Nf5
Nd4 28. Nxd4 Qxd4 29. Re1 Re8 30. Ree7 Rxe7 31. Qxa8+ Re8 32. Qxa4 Re1+ 33. Kh2
Qf4+ 34. g3 Qxf2# 0-1

[Event "DVM U12 2014"]
[Site "Verden/Aller GER"]
[Date "2014.12.28"]
[Round "3"]
[White "Schoch, Justus"]
[Black "Hoffmann, Simon"]
[Result "1-0"]
[Termination "normal"]
[Board "10.4"]
[WhiteElo "778"]
[BlackElo "1019"]
[WhiteTeam "SC Heitersheim"]
[BlackTeam "SC Aurich"]
[PlyCount "49"]
[BlackFideId "12974919"]
[EventCountry "GER"]
[EventRounds "7"]
[EventType "team-swiss"]
[EventDate "2014.12.26"]

1. e4 e5 2. Nf3 Nc6 3. Bc4 Bc5 4. O-O Nf6 5. d3 d6 6. h3 O-O 7. Bg5 h6 8. Bh4
Bd7 9. Nc3 Qe8 10. Bxf6 gxf6 11. Nd5 Qd8 12. Qd2 Nd4 13. Nxd4 Bxd4 14. Qxh6
Bxb2 15. Nxf6+ Qxf6 16. Qxf6 Bxa1 17. Rxa1 b5 18. Bd5 c6 19. Qxd6 cxd5 20. Qxd7
Rfd8 21. Qxb5 Rab8 22. Qa5 dxe4 23. dxe4 Rbc8 24. Qxe5 Rc7 25. Qg5+ 1-0

[Event "DVM U12 2014"]
[Site "Verden/Aller GER"]
[Date "2014.12.28"]
[Round "4"]
[White "Engel, Luis"]
[Black "Lieberwirth, Kasimir"]
[Result "1-0"]
[Termination "normal"]
[Board "1.1"]
[WhiteElo "2113"]
[BlackElo "1546"]
[WhiteTeam "Hamburger SK von 1830"]
[BlackTeam "SG Turm Leipzig"]
[PlyCount "47"]
[WhiteFideId "12961523"]
[BlackFideId "12988146"]
[EventCountry "GER"]
[EventRounds "7"]
[EventType "team-swiss"]
[EventDate "2014.12.26"]

1. e4 c5 2. Nf3 Nc6 3. Bb5 Nf6 4. Bxc6 dxc6 5. d3 Bg4 6. h3 Bh5 7. Nc3 e6 8.
Qe2 Be7 9. g4 Bg6 10. Bf4 O-O 11. O-O-O Qa5 12. Ne5 Rfd8 13. h4 h5 14. Nxg6
fxg6 15. Rdg1 c4 16. gxh5 cxd3 17. cxd3 Nxh5 18. Bd2 Qa6 19. Rh3 Bb4 20. Rxg6
Nf6 21. Rhg3 Ne8 22. Qg4 Bf8 23. Qxe6+ Kh7 24. Rh6+ 1-0

[Event "DVM U12 2014"]
[Site "Verden/Aller GER"]
[Date "2014.12.28"]
[Round "4"]
[White "Weimert, Miriam"]
[Black "Holinka, Henning"]
[Result "0-1"]
[Termination "normal"]
[Board "1.2"]
[WhiteElo "1532"]
[BlackElo "1799"]
[WhiteTeam "SG Turm Leipzig"]
[BlackTeam "Hamburger SK von 1830"]
[PlyCount "84"]
[WhiteFideId "12966703"]
[BlackFideId "12967084"]
[EventCountry "GER"]
[EventRounds "7"]
[EventType "team-swiss"]
[EventDate "2014.12.26"]

1. e4 d6 2. d4 g6 3. Nf3 Bg7 4. Bc4 a6 5. Nc3 b5 6. Bb3 Bb7 7. a3 Nf6 8. Qd3
O-O 9. O-O Nbd7 10. Be3 c5 11. Bd5 c4 12. Qd2 Nxd5 13. Nxd5 Bxd5 14. exd5 Nf6
15. Bh6 Nxd5 16. Bxg7 Kxg7 17. c3 Qd7 18. Rfe1 Rfe8 19. Re4 h5 20. Rh4 Rh8 21.
Re1 e6 22. Qc2 Qe7 23. Rhe4 h4 24. h3 Rh6 25. Qd2 Rh5 26. Rg4 Rah8 27. Ng5 Nf6
28. Rf4 Rxg5 29. Rf3 Rhh5 30. Ree3 Qb7 31. Qd1 Qd5 32. Kf1 Rf5 33. Qe2 Rxf3 34.
Rxf3 Qe4 35. Qd2 Qb1+ 36. Ke2 Ne4 37. Qf4 Qxb2+ 38. Ke1 Qb1+ 39. Ke2 Qc2+ 40.
Ke1 Rf5 41. Qe3 Rxf3 42. gxf3 Qxc3+ 0-1

[Event "DVM U12 2014"]
[Site "Verden/Aller GER"]
[Date "2014.12.28"]
[Round "4"]
[White "Meyling, Lennart"]
[Black "Kreicarek, Tobias"]
[Result "1-0"]
[Termination "normal"]
[Board "1.3"]
[WhiteElo "1648"]
[BlackElo "1446"]
[WhiteTeam "Hamburger SK von 1830"]
[BlackTeam "SG Turm Leipzig"]
[PlyCount "75"]
[WhiteFideId "12947130"]
[BlackFideId "16255909"]
[EventCountry "GER"]
[EventRounds "7"]
[EventType "team-swiss"]
[EventDate "2014.12.26"]

1. e4 d5 2. exd5 Nf6 3. Bb5+ Bd7 4. Be2 Nxd5 5. d4 Nc6 6. c4 Nb6 7. Nc3 Bf5 8.
Nf3 e6 9. O-O Bb4 10. a3 Bxc3 11. bxc3 O-O 12. Nh4 Qxh4 13. g4 Bg6 14. f4 Be4
15. g5 Qh3 16. Rf2 Qxc3 17. Bd2 Qxd4 18. Rc1 Rad8 19. Bf1 e5 20. c5 Nc8 21. Rc4
Qd5 22. f5 Bd3 23. Bxd3 Qxd3 24. Rh4 g6 25. f6 e4 26. Qe1 Rfe8 27. Rxh7 Kxh7
28. Rf4 Qxd2 29. Qh4+ Kg8 30. Qh6 Qd1+ 31. Rf1 Qg4+ 32. Kh1 Qf3+ 33. Rxf3 Rd1+
34. Rf1 Rxf1+ 35. Kg2 Rf2+ 36. Kxf2 e3+ 37. Ke1 e2 38. Qg7# 1-0

[Event "DVM U12 2014"]
[Site "Verden/Aller GER"]
[Date "2014.12.28"]
[Round "4"]
[White "Wong, Gengchun"]
[Black "Suvorov, Alexander"]
[Result "1-0"]
[Termination "normal"]
[Board "2.1"]
[WhiteElo "1989"]
[BlackElo "1823"]
[WhiteTeam "SV Dresden-Leuben"]
[BlackTeam "SG Porz"]
[PlyCount "119"]
[WhiteFideId "12963283"]
[BlackFideId "12977063"]
[EventCountry "GER"]
[EventRounds "7"]
[EventType "team-swiss"]
[EventDate "2014.12.26"]

1. e4 c6 2. d4 d5 3. Nc3 dxe4 4. Nxe4 Bf5 5. Ng3 Bg6 6. Nf3 Nd7 7. h4 h6 8. h5
Bh7 9. Bd3 Bxd3 10. Qxd3 e6 11. Bd2 Ngf6 12. O-O-O Qc7 13. Kb1 O-O-O 14. Ne4
Nxe4 15. Qxe4 Nf6 16. Qe2 Bd6 17. c4 c5 18. Bc3 a6 19. Ne5 Rhf8 20. f4 Kb8 21.
g4 Ka8 22. Rhf1 Ng8 23. b3 f6 24. Nd3 cxd4 25. Bxd4 Rfe8 26. Bb2 Qf7 27. g5 Ne7
28. Qg4 Nc6 29. gxf6 gxf6 30. Qg6 Qxg6 31. hxg6 e5 32. g7 Rg8 33. fxe5 Bxe5 34.
Nxe5 Rxd1+ 35. Rxd1 Nxe5 36. Rg1 h5 37. Bxe5 fxe5 38. Kc2 h4 39. Kd3 h3 40. Ke4
h2 41. Rh1 Rxg7 42. Rxh2 Rg5 43. c5 a5 44. Kd5 Ka7 45. Kc4 Ka6 46. Rh6+ Ka7 47.
Kb5 e4 48. Re6 a4 49. Rxe4 axb3 50. axb3 Rg7 51. b4 Rc7 52. Ka5 Rd7 53. Re6 Rf7
54. b5 Rf8 55. Re7 Kb8 56. Kb6 Ka8 57. c6 bxc6 58. bxc6 Kb8 59. Rb7+ Kc8 60.
Ra7 1-0

[Event "DVM U12 2014"]
[Site "Verden/Aller GER"]
[Date "2014.12.28"]
[Round "4"]
[White "Suvorov, Luca"]
[Black "Bui, Hai Lam"]
[Result "1-0"]
[Termination "normal"]
[Board "2.2"]
[WhiteElo "1757"]
[BlackElo "1868"]
[WhiteTeam "SG Porz"]
[BlackTeam "SV Dresden-Leuben"]
[PlyCount "79"]
[WhiteFideId "12977071"]
[BlackFideId "12975737"]
[EventCountry "GER"]
[EventRounds "7"]
[EventType "team-swiss"]
[EventDate "2014.12.26"]

1. d4 Nf6 2. c4 e6 3. Nf3 b6 4. a3 Ba6 5. e3 Bb7 6. Nc3 Be7 7. d5 exd5 8. cxd5
d6 9. e4 Nbd7 10. Bd3 O-O 11. O-O Re8 12. h3 Ne5 13. Be2 h6 14. Bf4 Bf8 15. Qc2
a6 16. Nd4 Rc8 17. Rad1 Nfd7 18. Rfe1 Qf6 19. Be3 c5 20. dxc6 Nxc6 21. Nxc6
Rxc6 22. f3 Qg6 23. Qd2 Nf6 24. Bd3 Qh5 25. Ne2 Qe5 26. Bd4 Qe7 27. Nf4 Nd7 28.
Nd5 Qd8 29. b4 Rc8 30. Ne3 Qc7 31. Rc1 Qb8 32. Bc2 Ne5 33. f4 Nd7 34. Nf5 Rcd8
35. Qd3 g6 36. Bb3 Nc5 37. bxc5 dxc5 38. Qg3 cxd4 39. Qxg6+ Kh8 40. Qf6+ 1-0

[Event "DVM U12 2014"]
[Site "Verden/Aller GER"]
[Date "2014.12.28"]
[Round "4"]
[White "Bui, Ngoc Han Julia"]
[Black "Sewald, Richard"]
[Result "1/2-1/2"]
[Termination "normal"]
[Board "2.3"]
[WhiteElo "1562"]
[BlackElo "1562"]
[WhiteTeam "SV Dresden-Leuben"]
[BlackTeam "SG Porz"]
[PlyCount "199"]
[WhiteFideId "12977055"]
[BlackFideId "12983586"]
[EventCountry "GER"]
[EventRounds "7"]
[EventType "team-swiss"]
[EventDate "2014.12.26"]

1. e4 c5 2. Nf3 e6 3. d4 cxd4 4. Nxd4 a6 5. f3 Nf6 6. c4 d6 7. Nc3 Be7 8. Be3
Bd7 9. Be2 Qc7 10. Qd2 Nc6 11. O-O O-O 12. Rac1 Rac8 13. b3 Rfd8 14. Rfd1 Ne5
15. Bf1 Bf8 16. Bf2 h6 17. Bg3 Qb6 18. Bf2 Qc7 19. Nc2 Nh7 20. Be2 Be7 21. Ne1
Ng6 22. Nd3 Ne5 23. Qc2 Nxd3 24. Qxd3 Nf8 25. Bg3 Be8 26. Bf1 Ng6 27. Ne2 Ne5
28. Qc2 Bf6 29. Rd2 Qe7 30. Rcd1 b5 31. Nd4 bxc4 32. bxc4 Ng6 33. Nb3 Be5 34.
Bf2 Ba4 35. Qb1 Rb8 36. c5 dxc5 37. Rxd8+ Rxd8 38. Rxd8+ Qxd8 39. Nxc5 Bb5 40.
Bxb5 axb5 41. Nb3 Nf4 42. Qc2 Qd3 43. Qxd3 Nxd3 44. Bd4 Bd6 45. Bc3 g6 46. g3
Nb4 47. Nc1 h5 48. e5 Bc5+ 49. Kf1 Kf8 50. Ke2 Ke7 51. Kd2 Kd7 52. Nd3 Nxd3 53.
Kxd3 Kc6 54. Bd4 Be7 55. h3 Kd5 56. g4 hxg4 57. hxg4 Bg5 58. Bb2 Bf4 59. Bd4
Bxe5 60. Bxe5 Kxe5 61. Kc3 Kd5 62. Kb4 Kc6 63. g5 e5 64. a3 Kb6 65. Kc3 Kc5 66.
Kd3 Kd5 67. Kc3 e4 68. fxe4+ Kxe4 69. Kb4 Kf5 70. Kxb5 Kxg5 71. a4 f5 72. a5 f4
73. a6 f3 74. a7 f2 75. a8=Q f1=Q+ 76. Kb4 Qb1+ 77. Kc3 Qe1+ 78. Kd3 Qf1+ 79.
Kc2 Qf5+ 80. Kd2 Kf4 81. Qb8+ Kg4 82. Qg8 g5 83. Ke1 Kg3 84. Qb3+ Qf3 85. Qb8+
Kg2 86. Qb2+ Kg3 87. Qb8+ Qf4 88. Qb3+ Kh4 89. Qg8 g4 90. Qh8+ Kg3 91. Qc3+ Kg2
92. Qb2+ Kh1 93. Qb7+ Kh2 94. Qb2+ Kg3 95. Qb3+ Kg2 96. Qb2+ Kf3 97. Qf2+ Ke4
98. Qxf4+ Kxf4 99. Kf2 Ke4 100. Kg3 1/2-1/2

[Event "DVM U12 2014"]
[Site "Verden/Aller GER"]
[Date "2014.12.28"]
[Round "4"]
[White "Gallasch, Robin"]
[Black "Wong, Kar Yan"]
[Result "1/2-1/2"]
[Termination "normal"]
[Board "2.4"]
[WhiteElo "1096"]
[BlackElo "1312"]
[WhiteTeam "SG Porz"]
[BlackTeam "SV Dresden-Leuben"]
[PlyCount "76"]
[WhiteFideId "16222423"]
[BlackFideId "12971855"]
[EventCountry "GER"]
[EventRounds "7"]
[EventType "team-swiss"]
[EventDate "2014.12.26"]

1. Nf3 g6 2. c4 Bg7 3. Nc3 Nf6 4. g3 c6 5. Bg2 O-O 6. d3 d5 7. e3 dxc4 8. dxc4
Qxd1+ 9. Nxd1 Be6 10. b3 Na6 11. Ba3 Rfe8 12. O-O Rad8 13. Nd4 Bc8 14. Nc3 Ng4
15. Rad1 c5 16. Nde2 Nf6 17. Nb5 Bg4 18. Rxd8 Rxd8 19. Nec3 Nb4 20. Nxa7 b6 21.
h3 Bf5 22. e4 Be6 23. Nc6 Nxc6 24. Re1 Nd4 25. Rc1 Nd7 26. Kf1 Ne5 27. f4 Nef3
28. Bb2 Bh6 29. Kf2 Ne5 30. Rd1 Nec6 31. Rd2 Bc8 32. Na4 e5 33. Nxb6 exf4 34.
gxf4 Bxf4 35. Rd1 f5 36. h4 fxe4 37. Bxe4 Rf8 38. Kg1 Re8 1/2-1/2

[Event "DVM U12 2014"]
[Site "Verden/Aller GER"]
[Date "2014.12.28"]
[Round "4"]
[White "Dietz, Florian"]
[Black "Kopylov, Daniel"]
[Result "0-1"]
[Termination "normal"]
[Board "3.1"]
[WhiteElo "1805"]
[BlackElo "1813"]
[WhiteTeam "Reideburger SV 90 Halle"]
[BlackTeam "TuRa Harksheide"]
[PlyCount "50"]
[WhiteFideId "12939897"]
[BlackFideId "12921971"]
[EventCountry "GER"]
[EventRounds "7"]
[EventType "team-swiss"]
[EventDate "2014.12.26"]

1. e4 c5 2. Nf3 d6 3. d4 cxd4 4. Nxd4 Nf6 5. Nc3 Nc6 6. Be3 Ng4 7. Bg5 Qb6 8.
h3 Nxd4 9. hxg4 Qxb2 10. Qxd4 Qxa1+ 11. Kd2 Bd7 12. Bb5 Qxh1 13. Bxd7+ Kxd7 14.
Qa4+ Kd8 15. Qa5+ b6 16. Qd5 Rc8 17. Qxd6+ Ke8 18. Qd3 f6 19. Qb5+ Kf7 20. Qd7
Rxc3 21. Kxc3 Qa1+ 22. Kd2 fxg5 23. c3 Qxa2+ 24. Kd3 Qe6 25. Qxa7 g6 0-1

[Event "DVM U12 2014"]
[Site "Verden/Aller GER"]
[Date "2014.12.28"]
[Round "4"]
[White "Oganessjan, Artur"]
[Black "Post, Hugo"]
[Result "1-0"]
[Termination "normal"]
[Board "3.2"]
[WhiteElo "1786"]
[BlackElo "1760"]
[WhiteTeam "TuRa Harksheide"]
[BlackTeam "Reideburger SV 90 Halle"]
[PlyCount "51"]
[WhiteFideId "12986062"]
[BlackFideId "12962490"]
[EventCountry "GER"]
[EventRounds "7"]
[EventType "team-swiss"]
[EventDate "2014.12.26"]

1. e4 c5 2. Nf3 Nc6 3. d4 cxd4 4. Nxd4 g6 5. Nc3 Bg7 6. Be3 Nf6 7. Be2 O-O 8.
Qd2 d6 9. h4 d5 10. exd5 Nxd5 11. Nxd5 Qxd5 12. Bf3 Qd7 13. O-O-O Ne5 14. Be2
Qc7 15. Bh6 Bd7 16. Bxg7 Kxg7 17. h5 Rh8 18. h6+ Kf8 19. Nf3 Rd8 20. Qd4 f6 21.
Rd2 Nc6 22. Qc3 Qc8 23. Rhd1 Kf7 24. Bc4+ Be6 25. Ng5+ fxg5 26. Qg7+ 1-0

[Event "DVM U12 2014"]
[Site "Verden/Aller GER"]
[Date "2014.12.28"]
[Round "4"]
[White "Henning, Marvin"]
[Black "Höfs, Cederik"]
[Result "1-0"]
[Termination "normal"]
[Board "3.3"]
[WhiteElo "1791"]
[BlackElo "1163"]
[WhiteTeam "Reideburger SV 90 Halle"]
[BlackTeam "TuRa Harksheide"]
[PlyCount "83"]
[WhiteFideId "12957399"]
[BlackFideId "16207653"]
[EventCountry "GER"]
[EventRounds "7"]
[EventType "team-swiss"]
[EventDate "2014.12.26"]

1. e4 c6 2. d4 d5 3. exd5 cxd5 4. Nf3 Bf5 5. Bd3 Bxd3 6. Qxd3 Nc6 7. c3 e6 8.
Be3 Nf6 9. Nbd2 Bd6 10. h3 Qb6 11. Rb1 O-O 12. O-O Rac8 13. Rfc1 Rfe8 14. a3
Qc7 15. c4 Qe7 16. cxd5 exd5 17. Re1 Ne4 18. Qb3 Rcd8 19. Bg5 Nxd2 20. Bxd2 Qd7
21. Bc3 b6 22. Qc2 Rc8 23. Qd3 Re6 24. Rxe6 fxe6 25. Re1 Re8 26. Ng5 g6 27. Qe2
Nd8 28. Nf3 Qc7 29. Qb5 Re7 30. Ne5 Bxa3 31. Rc1 Bd6 32. Bd2 Qb8 33. Bg5 Rb7
34. Qe8+ Kg7 35. Qxd8 Qxd8 36. Bxd8 Rb8 37. Bh4 Rf8 38. Rc6 Bxe5 39. dxe5 Re8
40. Rc7+ Kh6 41. f4 Rf8 42. Bg5+ 1-0

[Event "DVM U12 2014"]
[Site "Verden/Aller GER"]
[Date "2014.12.28"]
[Round "4"]
[White "Peters, Malte"]
[Black "Schlosser, Justin"]
[Result "0-1"]
[Termination "normal"]
[Board "3.4"]
[WhiteElo "866"]
[BlackElo "1360"]
[WhiteTeam "TuRa Harksheide"]
[BlackTeam "Reideburger SV 90 Halle"]
[PlyCount "59"]
[WhiteFideId "16208978"]
[BlackFideId "12993700"]
[EventCountry "GER"]
[EventRounds "7"]
[EventType "team-swiss"]
[EventDate "2014.12.26"]

1. e4 e5 2. Nf3 Nc6 3. Bb5 d6 4. d4 Bd7 5. d5 Nce7 6. Bxd7+ Qxd7 7. Nc3 Nf6 8.
O-O h6 9. Be3 g5 10. Re1 g4 11. Nh4 h5 12. g3 Ng6 13. Bg5 Be7 14. Nf5 Nh7 15.
Ng7+ Kd8 16. Bxe7+ Nxe7 17. Nxh5 Ng5 18. Nf6 Qc8 19. Nxg4 f5 20. h4 Nh3+ 21.
Kg2 fxg4 22. Qd3 Rf8 23. Rf1 Ng6 24. Rae1 Ngf4+ 25. gxf4 Nxf4+ 26. Kh2 Nxd3 27.
cxd3 Qd7 28. Re3 Qh7 29. Rh1 Qxh4+ 30. Kg2 0-1

[Event "DVM U12 2014"]
[Site "Verden/Aller GER"]
[Date "2014.12.28"]
[Round "4"]
[White "Krastev, Alexander"]
[Black "von Estorff, Jacob"]
[Result "1-0"]
[Termination "normal"]
[Board "4.1"]
[WhiteElo "1727"]
[BlackElo "1650"]
[WhiteTeam "Biebertaler Schachfreunde"]
[BlackTeam "Post SV Uelzen"]
[PlyCount "41"]
[WhiteFideId "12989983"]
[BlackFideId "12974501"]
[EventCountry "GER"]
[EventRounds "7"]
[EventType "team-swiss"]
[EventDate "2014.12.26"]

1. e4 c5 2. Nc3 Nc6 3. f4 g6 4. Bb5 Bg7 5. Bxc6 bxc6 6. Nf3 e6 7. O-O Ne7 8. d3
O-O 9. Qe1 d6 10. Qh4 Bd7 11. Ng5 h6 12. Nf3 Rb8 13. Kh1 Re8 14. g4 a6 15. f5
exf5 16. gxf5 gxf5 17. Bxh6 Ng6 18. Qh5 fxe4 19. Ng5 Re5 20. Rxf7 Rxg5 21.
Rxg7+ 1-0

[Event "DVM U12 2014"]
[Site "Verden/Aller GER"]
[Date "2014.12.28"]
[Round "4"]
[White "Askerov, Imamali"]
[Black "Pralle, Finnegan"]
[Result "0-1"]
[Termination "normal"]
[Board "4.2"]
[WhiteElo "1746"]
[BlackElo "1698"]
[WhiteTeam "Post SV Uelzen"]
[BlackTeam "Biebertaler Schachfreunde"]
[PlyCount "70"]
[WhiteFideId "12974498"]
[BlackFideId "12986615"]
[EventCountry "GER"]
[EventRounds "7"]
[EventType "team-swiss"]
[EventDate "2014.12.26"]

1. e4 e5 2. Nf3 Nc6 3. d4 exd4 4. Nxd4 Nf6 5. Nxc6 bxc6 6. Bd3 Bc5 7. O-O O-O
8. Bg5 Be7 9. e5 Nd5 10. Bxe7 Qxe7 11. Re1 Bb7 12. Nd2 f6 13. Nf3 c5 14. Bc4 c6
15. Qd2 Kh8 16. Rad1 Nb6 17. Bf1 Qf7 18. b3 Rad8 19. c4 fxe5 20. Nxe5 Qh5 21.
Nf3 h6 22. Bd3 d5 23. Ne5 Rf6 24. Bf1 Rdf8 25. f3 Rf5 26. Ng4 Bc8 27. Ne3 Rg5
28. Kh1 d4 29. Nc2 Qh4 30. Re4 Qh5 31. Qf2 Qg6 32. Bd3 Bf5 33. Rf4 Nd7 34. Bxf5
Rgxf5 35. Rg4 Qxg4 0-1

[Event "DVM U12 2014"]
[Site "Verden/Aller GER"]
[Date "2014.12.28"]
[Round "4"]
[White "Engert, Kiyan"]
[Black "Knüdel, Torben"]
[Result "0-1"]
[Termination "normal"]
[Board "4.3"]
[WhiteElo "1156"]
[BlackElo "1392"]
[WhiteTeam "Biebertaler Schachfreunde"]
[BlackTeam "Post SV Uelzen"]
[PlyCount "34"]
[WhiteFideId "16214870"]
[BlackFideId "16208820"]
[EventCountry "GER"]
[EventRounds "7"]
[EventType "team-swiss"]
[EventDate "2014.12.26"]

1. d4 d5 2. Nf3 Nf6 3. Bf4 e6 4. e3 c5 5. Bb5+ Bd7 6. Nc3 Bxb5 7. Nxb5 Qa5+ 8.
Nc3 cxd4 9. Qxd4 Nc6 10. O-O Nxd4 11. Nxd4 Be7 12. Ncb5 O-O 13. a3 Qd8 14. Rac1
a6 15. Nc3 Rc8 16. Nce2 Nd7 17. b4 e5 0-1

[Event "DVM U12 2014"]
[Site "Verden/Aller GER"]
[Date "2014.12.28"]
[Round "4"]
[White "Badzies, Tobias"]
[Black "Limpert, Tillmann"]
[Result "0-1"]
[Termination "normal"]
[Board "4.4"]
[WhiteElo "1053"]
[BlackElo "1070"]
[WhiteTeam "Post SV Uelzen"]
[BlackTeam "Biebertaler Schachfreunde"]
[PlyCount "64"]
[BlackFideId "16213254"]
[EventCountry "GER"]
[EventRounds "7"]
[EventType "team-swiss"]
[EventDate "2014.12.26"]

1. d4 d5 2. Nf3 Nf6 3. Bf4 Bf5 4. c4 e6 5. Nc3 Bb4 6. Qb3 Nc6 7. e3 a5 8. a3 a4
9. Qd1 Ba5 10. Bd3 Ne4 11. Bxe4 dxe4 12. Ne5 Nxe5 13. Bxe5 O-O 14. O-O c6 15.
Nxa4 Bc7 16. Bxc7 Qxc7 17. Nc5 b6 18. Nb3 Rfd8 19. Re1 c5 20. h3 e5 21. Re2
exd4 22. exd4 Qe7 23. Re3 Rd7 24. Qd2 Rad8 25. d5 b5 26. Na5 Rd6 27. b3 Qa7 28.
cxb5 Qc7 29. Rc1 Rxd5 30. Qb2 Rd1+ 31. Rxd1 Rxd1+ 32. Re1 Rxe1# 0-1

[Event "DVM U12 2014"]
[Site "Verden/Aller GER"]
[Date "2014.12.28"]
[Round "4"]
[White "Garbuz, Vitaliy"]
[Black "Schlangenotto, Niklas"]
[Result "1-0"]
[Termination "normal"]
[Board "5.1"]
[WhiteElo "1920"]
[BlackElo "1549"]
[WhiteTeam "SF Brackel 1930"]
[BlackTeam "SK Blauer Springer Paderborn"]
[PlyCount "120"]
[WhiteFideId "12990710"]
[BlackFideId "16217560"]
[EventCountry "GER"]
[EventRounds "7"]
[EventType "team-swiss"]
[EventDate "2014.12.26"]

1. d4 d5 2. c4 c6 3. Nf3 Nf6 4. Nc3 Bf5 5. cxd5 cxd5 6. Qb3 Qd7 7. Ne5 Qc7 8.
Nxd5 Nxd5 9. Qxd5 e6 10. Qb5+ Nd7 11. Qxd7+ Qxd7 12. Nxd7 Kxd7 13. e3 a6 14.
Bc4 Rc8 15. Bb3 Bc2 16. Bd2 Bd3 17. Rc1 Bd6 18. Rxc8 Rxc8 19. Bc3 b6 20. Kd2
Be4 21. f3 Bc6 22. e4 Bf4+ 23. Ke2 Bb5+ 24. Kf2 Bd6 25. e5 Be7 26. d5 Bc5+ 27.
Kg3 Rd8 28. a4 Be2 29. Re1 Bd3 30. Rd1 exd5 31. Rxd3 Kc6 32. Bd4 Bxd4 33. Rxd4
Kc5 34. Rd2 b5 35. axb5 axb5 36. Kf4 b4 37. Ke3 d4+ 38. Kd3 Kb5 39. Rc2 Rd7 40.
Rc4 Re7 41. Rxd4 Rxe5 42. Rd5+ Rxd5+ 43. Bxd5 f6 44. b3 Kc5 45. Bc4 g6 46. Bg8
h6 47. Bf7 g5 48. g4 Kd6 49. Kc4 Ke5 50. Kxb4 Kf4 51. Bd5 f5 52. gxf5 Kxf5 53.
Kc5 g4 54. fxg4+ Kxg4 55. b4 Kh3 56. b5 Kxh2 57. b6 Kg1 58. b7 h5 59. b8=Q h4
60. Qb2 h3 1-0

[Event "DVM U12 2014"]
[Site "Verden/Aller GER"]
[Date "2014.12.28"]
[Round "4"]
[White "Stirnberg, Noah"]
[Black "Kracht, Raphael"]
[Result "1/2-1/2"]
[Termination "normal"]
[Board "5.2"]
[WhiteElo "1528"]
[BlackElo "1636"]
[WhiteTeam "SK Blauer Springer Paderborn"]
[BlackTeam "SF Brackel 1930"]
[PlyCount "46"]
[WhiteFideId "16207742"]
[BlackFideId "16214382"]
[EventCountry "GER"]
[EventRounds "7"]
[EventType "team-swiss"]
[EventDate "2014.12.26"]

1. e4 e5 2. Nf3 Nc6 3. Bb5 a6 4. Ba4 Nf6 5. O-O b5 6. Bb3 Be7 7. c3 d5 8. exd5
Nxd5 9. Re1 O-O 10. a4 b4 11. Bc2 Bg4 12. Qe2 f5 13. d3 Bc5 14. d4 Bxd4 15.
cxd4 Nxd4 16. Qd3 Bxf3 17. gxf3 Qf6 18. Kh1 Qh4 19. Bb3 c6 20. Rg1 Qh5 21. Bd1
Rad8 22. f4 Qh6 23. fxe5 Qxc1 1/2-1/2

[Event "DVM U12 2014"]
[Site "Verden/Aller GER"]
[Date "2014.12.28"]
[Round "4"]
[White "Pölt, Christoph"]
[Black "Reitz, Theresa"]
[Result "1/2-1/2"]
[Termination "normal"]
[Board "6.1"]
[WhiteElo "1678"]
[BlackElo "1485"]
[WhiteTeam "TV Tegernsee"]
[BlackTeam "VfR-SC Koblenz"]
[PlyCount "67"]
[WhiteFideId "12960853"]
[BlackFideId "12971901"]
[EventCountry "GER"]
[EventRounds "7"]
[EventType "team-swiss"]
[EventDate "2014.12.26"]

1. d4 Nf6 2. c4 g6 3. Nc3 d5 4. cxd5 Nxd5 5. e4 Nxc3 6. bxc3 Bg7 7. Nf3 O-O 8.
Be2 c5 9. Be3 Nc6 10. Rc1 Qa5 11. O-O Rd8 12. d5 Bxc3 13. Bxc5 Qxc5 14. Qc2 Nd4
15. Nxd4 Qxd4 16. Rfd1 Qe5 17. Qxc3 Qxe4 18. Bf3 Qa4 19. h3 Bf5 20. Qb2 Rab8
21. Rc7 Be4 22. Re1 Bxf3 23. gxf3 Rxd5 24. Rcxe7 Qb5 25. Qf6 Rg5+ 26. Kh1 Rf5
27. Qd6 Rc8 28. Qd7 Qxd7 29. Rxd7 Rxf3 30. Kg2 Ra3 31. Ree7 Rf8 32. Rxb7 Rxa2
33. Rxa7 Rxa7 34. Rxa7 1/2-1/2